000 00536nam a22001817a 4500
003 UA-OsUOA
001 8316
007 ta
008 20040909b un ||||| |||| 00| 0 ukr d
100 _aПчілка О.
942 _cSA
040 _aUA-OsUOA
_cUA-OsUOA
_dUA-OsUOA
245 _aМихайло Петрович Старицький
_bСтарицький М.П. - памяті товариша
300 _aС.70-75
955 _a0
773 0 _w0
_tДИВОСЛОВО
_d2004
_dN8
650 7 _aЛітературознавство
_2UDC
999 _c294477
_d294477